书目信息 |
| 题名: |
水污染导论
|
|
| 作者: | 劳斯 著 ;余刚 , 张祖麟 译 | |
| 分册: | ||
| 出版信息: | 北京 科学出版社 2004 |
|
| 页数: | 12,637页 | |
| 开本: | 24cm | |
| 丛书名: | 环境科学与工程经典译丛 | |
| 单 册: | ||
| 中图分类: | X520.6 , X52 | |
| 科图分类: | ||
| 主题词: | 水污染--污染控制 , 水污染 , 污染控制 | |
| 电子资源: | ||
| ISBN: | 7-03-012002-7 | |
| 000 | 01113nam0 2200337 450 | |
| 000 | 01100nam0 2200325 450 | |
| 000 | 01031nam0 2200301 450 | |
| 000 | 00995nam0 2200289 45 | |
| 005 | 20070525112641.09 | |
| 010 | @a7-03-012002-7@dCNY58.00 | |
| 100 | @a20070419d2004 em y0chiy0120 ea | |
| 101 | 1 | @achi@ceng |
| 102 | @aCN@b110000 | |
| 105 | @ay z 000yy | |
| 200 | 1 | @a水污染导论@AShui Wu Ran Dao Lun@f(美)Edward A.Laws著@F( Mei )Edward A.Laws Zhu@g余刚,张祖麟等译 |
| 210 | @a北京@c科学出版社@d2004 | |
| 215 | @a12,637页@d24cm | |
| 225 | 2 | @a环境科学与工程经典译丛 |
| 305 | @a据原书第3版译出 | |
| 330 | @a本书将基本概念与实际案例分析进行结合、系统全面地介绍了水污染的原理和不同类型水污染的成因、危害及防治。 | |
| 410 | 0 | @12001 @a环境科学与工程经典译丛 |
| 606 | 0 | @a水污染@x污染控制 |
| 606 | 0 | @a水污染 |
| 606 | 0 | @a污染控制 |
| 690 | @aX520.6@v4 | |
| 690 | @aX52@v3 | |
| 701 | 1 | @c(美)@a劳斯@ALao Si@g(Laws, Edward A.)@4著 |
| 702 | 0 | @a余刚@AYu Gang@c(环境科学)@4译 |
| 702 | 0 | @a张祖麟@AZhang Zu Lin@c(环境科学)@4译 |
| 801 | 0 | @aCN@bTAOJIN@c20070525 |
| 905 | @a10447@dX52@e49 | |
| 水污染导论/(美)Edward A.Laws著/余刚,张祖麟等译.-北京:科学出版社,2004 |
| 12,637页;24cm.-(环境科学与工程经典译丛) |
| ISBN 7-03-012002-7:CNY58.00 |
| 本书将基本概念与实际案例分析进行结合、系统全面地介绍了水污染的原理和不同类型水污染的成因、危害及防治。 |
| ● |
| 相关链接 |
|
|
|
|
正题名:水污染导论
索取号:X52/49
 
预约/预借
| 序号 | 登录号 | 条形码 | 馆藏地/架位号 | 状态 | 备注 |
| 1 | 0522483 | 205224835 | 第二样本阅览室/ [索取号:X52/49] | 在馆 | |
| 2 | 0522484 | 205224844 | 第三借阅区/ [索取号:X52/49] | 在馆 | |
| 3 | 0522485 | 205224853 | 第三借阅区/ [索取号:X52/49] | 在馆 | |
| 4 | 0522486 | 205224862 | 第三借阅区/ [索取号:X52/49] | 在馆 | |
| 5 | 0522487 | 205224871 | 第三借阅区/ [索取号:X52/49] | 在馆 | |
| 6 | 0522488 | 205224880 | 第三借阅区/ [索取号:X52/49] | 在馆 | |
| 7 | 0522489 | 205224899 | 第三借阅区/ [索取号:X52/49] | 在馆 | |
| 8 | 0522490 | 205224906 | 第三借阅区/ [索取号:X52/49] | 在馆 |